000 00698nam a2200253Ia 4500
001 Para_4685
003 CHAP
008 220125s1965 xx 000 0 und d
010 _a203126
040 _cCHAP
090 _aPA FOLLETO 2026
245 _aIdaho Farm and home bulletin /
_c University of Idaho
260 _aMoscow, Idaho :
_b Agricultural Extension Service
300 _a16 p.
440 _aIdaho. Agr. Ext. Ser. Bull; 401
_9168740
650 _aAgricultura
_x Bibliografía
_91321
901 _aPA FOLLETO 2026
902 _aA
905 _a0000001965 ru 0000000000 00
910 _a1965
942 _cPARA
942 _cPARA
_d1
999 _c203126
_d203126